Most Popular Pets in the World - Statistics

General Stats
  • This quiz has been taken 85 times
    46 since last reset
  • The average score is 7 of 10
Answer Stats
Pet Name % Correct
Cat
100%
Dog
100%
Fish
93%
Snake
85%
Cockatiel
83%
Hamster
80%
Guinea Pigs
68%
Mouse
63%
Iguana
58%
Ferrett
10%
No matching quizzes found
Score Distribution
Percent of People with Each Score
Percentile by Number Answered
Your Score History
You have not taken this quiz since the last reset